Štúdium ukazovateľov kvality povrchovej vody a dnových sedimentov vo vybranej lokalite = Study of quality indicators of surface water and bottom sediments in chosen area : Diplomová práca

Enregistré dans:
Détails bibliographiques
Auteur principal: Dugovičová, Bibiána (Auteur)
Autres auteurs: Michalíková, Anna, 1955- (xxx)
Format: Manuscrit Livre
Langue:slovaque
Publié: Bratislava : STU v Bratislave MtF KEBI, 2007
Sujets:
Tags: Ajouter un tag
Pas de tags, Soyez le premier à ajouter un tag!

MARC

LEADER 00000ntm a22000003a 4500
001 stu142577
005 20160719155554.9
008 070621s2007----xo------------------slo-d
040 |a STU  |b slo 
041 0 |a slo 
044 |a xo 
100 1 |a Dugovičová, Bibiána  |4 aut 
245 1 |a Štúdium ukazovateľov kvality povrchovej vody a dnových sedimentov vo vybranej lokalite = Study of quality indicators of surface water and bottom sediments in chosen area :  |b Diplomová práca 
260 |a Bratislava :  |b STU v Bratislave MtF KEBI,  |c 2007 
300 |a 87 s  |c príl (1 CD-ROM) 
500 |a Program: Environmentálne a bezpečnostné inžinierstvo 
650 7 |a povrchové vody  |2 stusub 
650 7 |a dnové sedimenty  |2 stusub 
700 1 |a Michalíková, Anna,  |d 1955-  |4 xxx  |u M5000  |U MTF Materiálovotechnologická fakulta  |T MTF Ústav bezpečnosti, environmentu a kvality  |X 2811  |U M5000  |Y 85  |7 A000002811 
996 |b 284M076332  |c M*DP-6600  |l MMSKP  |s P  |a 0  |w stu142577_0001